| 000 | 02501nam a2200241Ia 4500 | ||
|---|---|---|---|
| 003 | Ost | ||
| 005 | 20260507075252.0 | ||
| 008 | 260507s9999||||xx |||||||||||||| ||und|| | ||
| 040 | _cfsecg | ||
| 041 | _aara | ||
| 082 | _a330 | ||
| 100 |
_aارشيد، محمود عبد الكريم _eمؤلف |
||
| 245 | 0 |
_aالنظريات الاقتصادية المؤثرة في النشاط الاقتصادي و ضوابطها في السوق الاسلامي / _c محمود عبد الكريم ارشيد |
|
| 260 |
_aعمان: _bدار النفائس, _c2011 |
||
| 300 |
_a360 صفحة؛ _c24 سم |
||
| 504 | _aمراجع ص.335 | ||
| 520 | _a1) نظرية الانتاج و القيمة في الاقتصاد الاسلامي : أعظم أركان الانتاج العمل و احسانه ، العمل و مكانته في تكوين القيمة في الانتاج ، الانتاج في دائرة الحلال ، أهداف الانتاج تمام الكفاية و تعظيم المنافع ، رفع كفاءة أداء المنتجين و العاملين في القطاعات الانتاجية ، الربح عائد للعمل المنتج في الاقتصاد الاسلامي ، عوائد عناصر الانتاج و أثر العمل في القيمة 2) نظرية التداول في السوق : تداول المسلمين فيما بينهم في الأسواق ، ضوابط تداول غير المسلمين في الأسواق ، تنظيم السوق بضبط عناصر التداول اسلاميا 3) نظرية الاستهلاك : الاستهلاك الشرعي و مقاصده ، ضوابط الاستهلاك ، مرتكزات وسائل درء الخطر في الاستهلاك و مرتكزات وسائل درء الخطر في الاستهاتك على المستوى الجماعي 4) نظرية التوزيع : معايير التوزيع و أهدافه و قواعده و خطة الاسلام له ، نظم التوزيع التي عرفها النظام الاقتصادي الاسلامي العدل في التوزيع و مكانة العمل فيه 5) نظرية الملك : مفهوم الملكية و الفرق بينها و بين المال و طبيعتها ، زظائف الملكية و أنواعها و دور الملكية في الاقتصاد الاسلامي . | ||
| 653 | _aالاستهلاك | ||
| 653 | _aالاقتصاد الاسلامي | ||
| 653 | _aالانتاج | ||
| 653 | _aالتوزيع | ||
| 942 | _cكتاب | ||
| 999 |
_c43705 _d43705 |
||